Possibilities of increasing the environmental-energy efficiency in the automotive industry
Koncept zeleného rastu a zelenej ekonomiky. Eko-efektívnosť zelených technológií v automobilovom priemysle.
Gespeichert in:
| 1. Verfasser: | |
|---|---|
| Weitere Verfasser: | |
| Format: | Buchkapitel |
| Sprache: | Englisch |
| Schlagworte: | |
| Tags: |
Keine Tags, Fügen Sie das erste Tag hinzu!
|
MARC
| LEADER | 00000nla a2200000 4500 | ||
|---|---|---|---|
| 001 | 0227172 | ||
| 005 | 20240502073737.8 | ||
| 041 | 0 | |a eng | |
| 044 | |a SK | ||
| 245 | 1 | 0 | |a Possibilities of increasing the environmental-energy efficiency in the automotive industry |c Lenka Štofová, Petra Szaryszová |
| 520 | |a Koncept zeleného rastu a zelenej ekonomiky. Eko-efektívnosť zelených technológií v automobilovom priemysle. | ||
| 610 | 2 | 0 | |a ekonomika ekologická |
| 610 | 2 | 0 | |a ekonomika environmentálna |
| 610 | 2 | 0 | |a technológia |
| 610 | 2 | 0 | |a analýza obaľovania dát |
| 610 | 2 | 0 | |a metóda BSC |
| 610 | 2 | 0 | |a priemysel automobilový |
| 100 | 1 | |a Štofová, Lenka, 1989- | |
| 700 | 1 | |a Szaryszová, Petra, 1984- | |